000 00650nam a2200205 a 4500
001 85592
003 BD-RjUL
005 20250828120219.0
008 250828s1971 ii ||||| |||| 00| f urd d
035 _a(BD-RjUL)85592
040 _aBD-RjUL
_beng
_cBD-RjUL
041 _aurd
082 _223
_a891.439309
_bSAT 1971
100 _aSadiq
245 _aترقی پسند تحریک اور اردو افسانہ ;; tarqi pasand tahrik or ardo afsana /
_cصادق ;; Sadiq
_b۱۹۳۶سے ۱۹۵۶تک
260 _aDelhi:
_bUrdu majlis,
_c1971
300 _a264 p. ;
_c23 cm
650 _aUrdu fiction
_vHistory and criticism
_916698
942 _2ddc
_cBK
999 _c85592
_d85592